Hydrographie de la région des Boutières - Statistiques

Statistiques générales
  • Ce quiz a été pris 8 fois
  • Le résultat moyen est 6 sur 13
Réponses sur la Carte
Les réponses sont colorées sur une échelle allant du rouge au vert en fonction du pourcentage des utilisateurs qui les ont devinées à leur premier essai. Vous pouvez retrouver ces pourcentages ci-dessous.
 
Statistiques - réponses
Réponse % Correct
le Salin
100%
la Rimande
75%
l'Eyrieux
75%
la Dorne
50%
la Saliouse
50%
l'Azette
50%
l'Eysse
50%
l'Escourtay
25%
Ruisseau d'Antraygues
25%
Ruisseau de Praforos
25%
Ruisseau du Pradal
25%
le Gaysset
0%
Ruisseau de Sagnebesses
0%
Aucun quiz correspondant
Distribution des résultats
% des personnes avec chaque résultat
Percentile par nombre de réponses
Votre historique - résultats
Vous n’avez pas pris ce quiz